Представление документа в формате RUSMARC

ПолеНазваниеЗначение
  Тип записи a
  Библиографический уровень m
001 Контрольный номер c87c5baab1aa431895dbe4eda5b3265a
005 Дата корректировки 20170515104825.1
010 Индекс ISBN __
a ISBN 978-5-459-00453-3
100 Данные общей обработки __
a Данные общей обработки 20140429d2013 |||y0rusy50 ca
101 Язык документа 0_
a Язык текста rus
a Язык текста rus
102 Страна публикации __
a Страна публикации RU
200 Заглавие и сведения об ответственности 1_
a Заглавие Психология и педагогика
e Сведения, относящиеся к заглавию учебник для вузов
f Первые сведения об ответственности Н. В. Бордовская, С. И. Розум
b Общее обозначение материала Текст
210 Выходные данные 1_
a Место издания СПб. [и др.]
c Издательство Питер
d Дата издания 2013
215 Физическое описание __
a Объем 624 с.
c Иллюстрации/тип воспроизводства ил.
225 Серия 1_
a Серия Учебник для вузов
610 Ключевые слова 0_
a Ключевые слова психология личности
610 Ключевые слова 0_
a Ключевые слова психология обучения
610 Ключевые слова 0_
a Ключевые слова межличностные отношения
610 Ключевые слова 0_
a Ключевые слова педагогическое общение
610 Ключевые слова 0_
a Ключевые слова Непрофильные направления (направление)
610 Ключевые слова 0_
a Ключевые слова Б1 : Психология и педагогика
a Ключевые слова учебник
a Ключевые слова высшее образование
686 Индексы других классификаций __
a Классификационный индекс 88
a Классификационный индекс 74.00я73
700 Автор _1
a Фамилия Бордовская
b Имя Н. В.
701 Альтернативная интеллектуальная ответственность _1
a Фамилия Розум
b Имя С. И.
801 Источник записи _0
a Страна RU
b Организация РУК
c Дата составления 20170228
g Правила каталогизации rusmarc
852 Данные о местонахождении __
i Авторский знак Б 82
j Шифр хранения ББК 88
901 Тип документа __
t Тип документа m
937 Технологическая информация __
a Создатель записи (имя) Мясникова
938 Служебная информация __
a Название организации Головной вуз
952 Тип литературы __
b Гриф литературы для ВШ гриф УМО
c Вид литературы учебник